000 00646cab a2200217 4500
001 ABS40521
008 090401t1989 xxu||||| |||| 00| 0 eng d
035 _a(Sirsi) u24483
041 _aeng
100 _aBowie, N.
245 4 _aThe need to establish a code of business conduct
260 _c1989
350 _a0
490 _aEstates Times
_v(986) 17 March 1989, 20(1)
520 _aExplains why chartered surveyors need a conduct of business code.
650 _aFINANCIAL SERVICES ACT 1986
650 _aRICS RULES OF CONDUCT
690 _aMANAGEMENT-BUSINESS MANAGEMENT-PROFESSIONAL PRACTICE
942 _n0
948 _c04/03/1997
999 _c16419
_d16419